00729nam a2200169Ia 4500003000200000005001700002008004100019050003300060100003000093245015700123260009000280300003900370504004100409650002400450650002500474651006000499020250127142216.0150126s9999 xx 000 0 und d aPHS DS 675.8.H4b.Al411 2014 aAliño, Maria Therese D. 3aAn analysis of true stories of untold Filipino heroes in the struggle of independence during foreign occupation (1898-1906) /cMaria Therese D. Aliño. aLas Piñas City, Philippines :bSouthville International School and Colleges,c2014. a35 pages :billustration ;c28 cm. aIncludes bibliographical references. aPhilippine History. aHeroeszPhilippines. aPhilippinesvHistoryxAmerican occupation, 1898–1946.